[Event "68th RUS-ch Women Superfinal 2018"]
[Site "Satka"]
[Date "2018.08.30"]
[Round "6"]
[White "Bodnaruk, Anastasia"]
[Black "Tomilova, Elena"]
[Result "0-1"]
[WhiteElo "2449"]
[BlackElo "2332"]
[Annotator "TA"]
[PlyCount "98"]
[EventDate "2018.08.25"]
[EventType "tourn"]
[EventCountry "RUS"]
[SourceTitle "playchess.com"]
[Source "ChessBase"]
[SourceQuality "1"]

{[%evp 19,98,22,56,34,35,25,39,0,27,0,7,0,0,0,-11,-7,22,35,22,25,40,27,41,0,0,0,0,0,0,0,81,75,172,171,171,162,171,171,167,171,170,102,147,106,191,146,141,-60,-43,-33,-62,-322,-331,-386,-347,-373,-358,-470,-516,-466,-511,-552,-390,-677,-508,-664,-642,-1034,-985,-1552,-1504,-1858,-1777,-2396,-1961,-2696,-2729,-5165,-5150,-5173,-5173]} 1. e4 {[%cal Be2e4,Be4e5][%mdl 32]} e6 2. d4 d5 3. e5 c5 4. c3 Nc6 5. Nf3 Qb6 6. a3 c4 7. Nbd2 Na5 8. Be2 Bd7 9. O-O O-O-O 10. Rb1 Kb8 {LiveBook: 5 Partien. C02: Französische Verteidigung (Vorstoßvariante)} 11. b3 cxb3 12. c4 (12. Nxb3 Ba4 $11) 12... Ba4 {Weiß hat minimalen Vorteil.} 13. Bb2 (13. c5 $5 {[%cal Rc5b6]} Qc7 14. Bd3 $15) 13... Qc7 $146 {[%cal Rd5c4]} ({Vorgänger:} 13... Nxc4 14. Nxc4 dxc4 15. Nd2 Ne7 16. Nxc4 Qc7 17. Rc1 Qd7 18. Bf3 {0-1 (41) Delchev,A (2557)-Moreno Carnero,J (2494) Andorra 2002}) 14. Rc1 {Schwarz muss nun cxd5 beachten.} Qd7 15. cxd5 exd5 16. Nb1 Ne7 17. Nc3 Ng6 18. Nxa4 Qxa4 19. Ng5 $36 {[%mdl 2048] Weiss hat Druck.} Qd7 20. Qd2 Nc4 21. Bxc4 (21. Rxc4 $5 dxc4 22. Bxc4 $11) 21... dxc4 22. Rxc4 Qd5 23. Rfc1 Be7 $1 {...Sxe5! ist eine echte Drohung.} 24. Nf3 h6 (24... Rc8 $11 25. R4c3 a5) 25. Qe3 Bg5 (25... Rc8 $16 {war einen Versuch wert.} 26. Rxc8+ (26. Qxb3 Rxc4 27. Rxc4 Nf4 $16) 26... Rxc8) 26. Nxg5 $18 hxg5 27. Rc5 ({Keinesfalls} 27. Qxg5 $6 Rc8 $14) ({Und nicht} 27. Qxb3 Nf4 $17) 27... Qe6 28. Qxg5 Ne7 29. h3 ({Vergiftet wäre} 29. Qxg7 $2 Rdg8 $19) 29... a6 30. Qd2 (30. Qg3 $18) 30... Nd5 31. Qd3 Nf4 (31... g5 $16) 32. Qf3 g5 33. Rc7 $2 ({Besser ist} 33. R1c3 $16) 33... Qd5 $15 34. Qxd5 Rxd5 35. R7c4 $2 {[%mdl 8192]} ({Günstiger ist} 35. R1c4 $15) 35... Ne2+ $19 36. Kf1 Nxc1 37. Rxc1 Rc8 38. Rxc8+ Kxc8 {[%mdl 4096] Endspiel KT-KL} 39. Ke2 Rd7 40. Kd3 {[#]} Rc7 $1 41. Bc3 $2 (41. d5 Rc5 42. d6) 41... b5 {Schwarz steht klar auf Gewinn.} 42. d5 {[#]} a5 $1 {[%cal Ba6a5,Ba5a4,Ba4a3,Ba3a2][%mdl 544]} 43. d6 (43. Bxa5 b2) 43... Rc6 44. g3 a4 45. Bb2 Rc2 46. Bd4 {[#]} b4 $1 {[%mdl 512]} 47. axb4 a3 48. b5 a2 49. b6 b2 {Precision: Weiß = 35%, Schwarz = 75%.} 0-1

[Event "68th RUS-ch Women Superfinal 2018"]
[Site "Satka"]
[Date "2018.08.30"]
[Round "6"]
[White "Galliamova, Alisa"]
[Black "Gunina, Valentina"]
[Result "1/2-1/2"]
[WhiteElo "2424"]
[BlackElo "2528"]
[Annotator "TA"]
[PlyCount "140"]
[EventDate "2018.08.25"]
[EventType "tourn"]
[EventCountry "RUS"]
[SourceTitle "playchess.com"]
[Source "ChessBase"]
[SourceQuality "1"]

{[%evp 19,140,11,10,3,4,-5,0,-16,-6,-15,0,-9,-5,-2,27,27,25,29,24,37,34,29,29,18,27,24,28,33,79,86,112,108,120,124,113,115,94,22,113,114,125,70,72,72,72,73,76,72,81,31,21,38,179,0,46,0,0,0,0,0,0,0,56,39,101,81,87,0,66,8,8,0,0,0,0,0,112,107,77,87,140,0,300,289,321,324,313,307,321,300,270,104,318,330,346,306,394,392,375,518,387,-12,-12,-12,-12,-16,-16,-57,0,0,0,0,0,0,0,0,0,0,0,0,0,0,8]} 1. d4 d5 2. c4 e6 3. Nf3 Nf6 4. Nc3 a6 5. cxd5 exd5 6. Bg5 {D37: Queen's Gambit Declined: 5 Bf4} Be6 7. e3 Nbd7 8. Bd3 h6 9. Bh4 (9. Bf4 g5 10. Bg3 Nh5 11. Be5 Nhf6 12. Bg3 Nh5 13. Qb3 Nxg3 14. hxg3 {½-½ (48) Karjakin,S (2773)-Caruana,F (2822) Saint Louis 2018}) 9... Bd6 10. O-O O-O {LiveBook: 10 Games} 11. Rc1 c6 12. Bb1 Re8 13. Qd3 $146 ({Predecessor:} 13. Re1 Bg4 {0-1 (45) Savina,A (2350)-Pham,L (2354) Riadh 2017}) 13... Bg4 {[%cal Be6g4,Bg4h5,Bh5g6][%mdl 32]} 14. Nd2 Bh5 15. e4 Bg6 {next ...Qb6 is good for Black.} 16. Qf3 Qb6 (16... dxe4 {is interesting.} 17. Ndxe4 Be7 18. Nxf6+ Nxf6 19. Bxg6 fxg6 20. Rcd1 g5) 17. Bxf6 $1 Nxf6 (17... gxf6 $6 18. exd5 Qxd4 19. dxc6 $16) 18. e5 Qxd4 19. exf6 {Threatens to win with Bxg6.} Qxd2 ({Don't play} 19... Bxb1 20. Ndxb1 (20. Ncxb1 Qxf6 21. Qxf6 gxf6 $16) 20... Qf4 21. Qxf4 $16) 20. Bxg6 {Black must now prevent Qh5.} Qf4 $1 {[%cal Rf4h2]} 21. Qxf4 Bxf4 22. Bd3 {And now Rc2 would win.} Bxc1 23. Rxc1 Rad8 24. Na4 g6 25. Nc5 b6 26. Nxa6 Rd6 27. b4 Rxf6 28. h3 (28. g3 $16) 28... Kf8 (28... b5 $11) 29. a4 $16 Ke7 30. a5 (30. g3 $1 $16) 30... bxa5 $14 31. bxa5 Kd6 32. Nc5 Rf4 33. a6 Rb4 34. g4 Rb2 35. Nb7+ Kd7 {[#]} (35... Kc7 $14) 36. Nc5+ $2 (36. Na5 $1 $18) 36... Kc7 37. Kg2 Ra2 $1 38. h4 Ra3 39. Bf1 h5 40. g5 Ra2 (40... Re7 $11) 41. Rc3 $1 Re1 {[#]} (41... Re7 $14) 42. Rf3 $1 $16 {[%cal Rf3f7]} Re7 43. Rc3 (43. Rf6 $16) 43... Kb6 (43... Re1 $11) 44. Nb7 (44. Nd3 $1 $14) 44... Re4 $11 45. Rb3+ Kc7 $1 46. Rf3 Rg4+ 47. Kh3 Ra1 (47... Raa4 $11 {remains equal.}) 48. Rxf7+ $16 Kb6 49. Bg2 Rxa6 (49... Raa4 $142) 50. Bf3 ({Better is} 50. f3 $16 Rc4 51. Nd8) 50... Rc4 $2 {[%mdl 8192]} (50... Ra3 $11 {and Black stays safe.}) 51. Nd6 $18 Rc2 52. Rf6 Rxf2 53. Kg3 Rf1 54. Rxg6 Ra2 55. Nf5 $2 (55. Bxh5 Rg1+ 56. Kf3 Rh1 $14) (55. Nf7 $18 {has better winning chances.}) 55... Ra3 $2 (55... Rg1+ $16 {might work better.} 56. Kf4 Ra4+ 57. Ke3 Ra3+ 58. Kf2 Rf1+ 59. Kxf1 Rxf3+ 60. Ke2 Rxf5) 56. Nd4 Kc5 57. Ne6+ Kc4 58. Rf6 d4 59. Kg2 Re1 60. Nxd4 $2 (60. Kf2 $18 Rb1 61. g6 (61. Bxc6 Rb2+ 62. Kg1 Re3 $11) (61. Bxh5 Rb2+ 62. Kg1 Rg3+ 63. Kf1 Rh3 $14) 61... Ra2+ 62. Kg3) 60... Kxd4 $11 61. Rxc6 $18 {[%mdl 4096] Endgame KRR-KRB} Ra2+ 62. Kg3 Rg1+ 63. Kf4 Ra4 (63... Rh2 $1 $15 64. Rd6+ Kc3) 64. Rf6 $11 {The position is equal.} Kd3+ 65. Kf5 Rxh4 66. Kg6 Ra4 {aiming for ...h4.} 67. Bxh5 Ra8 68. Rf5 Rg8+ 69. Kf6 Kd4 70. Bf7 R8xg5 {Precision: White = 52%, Black = 44%.} 1/2-1/2

[Event "68th RUS-ch Women Superfinal 2018"]
[Site "Satka"]
[Date "2018.08.30"]
[Round "6"]
[White "Shuvalova, Polina"]
[Black "Protopopova, Anastasiya"]
[Result "1-0"]
[WhiteElo "2413"]
[BlackElo "2332"]
[Annotator "TA"]
[PlyCount "49"]
[EventDate "2018.08.25"]
[EventType "tourn"]
[EventCountry "RUS"]
[SourceTitle "playchess.com"]
[Source "ChessBase"]
[SourceQuality "1"]

{[%evp 26,49,61,51,63,78,79,81,172,165,296,302,573,581,576,570,568,564,582,577,783,794,774,588,588,581]} 1. e4 e5 2. Nf3 Nc6 3. Bb5 {[%cal Bf1b5,Bb5a4,Ba4b3][%mdl 32]} a6 4. Ba4 Nf6 5. O-O Be7 6. Re1 b5 7. Bb3 O-O 8. c3 {[%cal Bc2c3,Bc3c4][%mdl 32]} d6 9. h3 Nb8 10. d4 Nbd7 11. c4 c6 12. a3 Bb7 13. Nc3 Qc7 {C95: Closed Ruy Lopez: Breyer Variation with 10 d4} 14. Be3 {[#] LiveBook: 6 Games} bxc4 $146 ({Predecessor:} 14... Rac8 15. Rc1 Qb8 16. Ba2 a5 17. Qc2 Ba6 18. c5 exd4 19. Nxd4 dxc5 20. Nf5 Rfe8 21. f4 {½-½ (54) Svetushkin,D (2562)-Miron,L (2501) Calimanesti Caciulata 2016}) 15. Bxc4 d5 {White is better.} 16. dxe5 {[%cal Bd4e5,Be5e6][%mdl 32]} Nxe4 (16... dxc4 $16 17. exf6 Bxf6) 17. Nxe4 $18 {[#] Strongly threatening e6.} dxe4 (17... dxc4 {was worth a try.} 18. Bg5 Nb6) 18. e6 Ne5 $2 (18... exf3 19. Qxd7 Qxd7 20. exd7 c5) 19. Nxe5 {White is clearly winning.} Qxe5 20. Qd7 Bd6 21. Red1 ({Weaker is} 21. Qxb7 Qh2+ 22. Kf1 Rab8 $15) 21... Bc7 22. g3 Rad8 23. Qe7 {[#] Intending Rxd8 and mate.} fxe6 24. Bf4 Rde8 25. Qxc7 ({Less strong is} 25. Bxe5 Rxe7 26. Bxc7 Rxc7 $16) 1-0

[Event "68th RUS-ch Women Superfinal 2018"]
[Site "Satka"]
[Date "2018.08.30"]
[Round "6"]
[White "Gritsayeva, Oksana"]
[Black "Kashlinskaya, Alina"]
[Result "0-1"]
[WhiteElo "2391"]
[BlackElo "2440"]
[Annotator "TA"]
[PlyCount "134"]
[EventDate "2018.08.25"]
[EventType "tourn"]
[EventCountry "RUS"]
[SourceTitle "playchess.com"]
[Source "ChessBase"]
[SourceQuality "1"]

{[%evp 21,134,0,0,-8,0,0,38,30,33,0,0,0,0,0,57,22,18,-61,-61,-61,-63,-61,-61,-71,-71,-71,-71,-71,-86,-67,-61,-66,-65,-65,-43,-40,-24,-33,-8,-63,-39,-66,-48,-42,0,-48,0,-60,0,-140,-130,-72,0,0,0,-70,-78,-54,-55,-59,-61,-412,-471,-460,-471,-421,-447,-456,-467,-456,-442,-471,-436,-410,-400,-377,-353,-530,-513,-593,-563,-497,-443,-1500,-1500,-1476,-1457,-981,-900,-821,-795,-713,-620,-2243,-3453,-29963,-29966,-29959,-5962,-29969,-29971,-29970,-29972,-29978,-29978,-29978,-29979,-29978,-29979,-29986,-29987,-29987,-29987,-29986,-29984]} 1. e4 e6 2. d4 d5 3. Nc3 Bb4 4. exd5 exd5 5. Bd3 Nc6 6. a3 Bxc3+ 7. bxc3 Nge7 8. Qh5 Be6 9. Nf3 Qd7 {C01: French: Exchange Variation} 10. Ng5 O-O-O 11. Nxe6 Qxe6+ {LiveBook: 10 Games. The position is equal.} (11... fxe6 12. O-O Rdf8 13. a4 Nf5 14. Ba3 Re8 15. Rfe1 g6 16. Qg5 e5 17. dxe5 Nxe5 {1-0 (44) Andreikin,D (2720)-Hansen,E (2573) Berlin 2015}) 12. Qe2 Qxe2+ 13. Kxe2 Rhe8 14. Kf3 $146 ({Predecessor:} 14. f3 Nf5+ 15. Kf2 Nd6 16. Bf4 Na5 17. h4 {0-1 (38) Chalabi,M (1509)-Delgado Vlaic,A (1881) Mureck 2010}) 14... Na5 15. Rb1 (15. Bxh7 g6 $17) 15... Nc4 16. g4 Kb8 17. a4 a5 (17... h6 $11) 18. Bf4 Ng6 19. Rb5 (19. Bg5 $11) 19... Nxf4 $15 20. Kxf4 c6 21. Rbb1 Nd6 22. Rhe1 Kc7 23. h4 h6 24. f3 Rxe1 25. Rxe1 $17 {[%mdl 4096] Endgame KRB-KRN} Nc8 26. g5 hxg5+ 27. Kxg5 Nb6 28. Ra1 $1 Re8 29. h5 Nc4 30. Kf4 (30. f4 $11) 30... Rh8 31. Kg5 Rh6 32. f4 Nb2 33. Bf5 Rh8 34. Bg4 (34. Bd3 $1 $11) 34... Rh6 (34... Nc4 $15) 35. Re1 (35. Bf5 $11) 35... f6+ 36. Kf5 ({Better is} 36. Kh4) 36... Nxa4 (36... Kd7 $17 37. Bf3 (37. Rb1 Nc4 38. Rxb7+ Kd6 39. Rd7+ Kxd7 40. Bh3 Ne3#) 37... Nc4) 37. Re7+ $11 Kb6 38. Ke6 {[#]} (38. Rxg7 $11 Nxc3 39. Rg6) 38... f5+ $1 $15 {[%mdl 512]} 39. Kxf5 Nxc3 40. Rxg7 a4 {[%cal Ba5a4,Ba4a3,Ba3a2][%mdl 32]} 41. Ke5 $2 {[%mdl 8192]} (41. Bf3 $1 $15) 41... a3 $19 {Strongly threatening ...a2.} 42. Bc8 Rxh5+ 43. f5 a2 44. Rxb7+ {[#]} Ka5 $1 45. Ra7+ Kb5 {Threatens to win with ...Na4.} 46. Bd7 Rh7 {...Rxd7 is the strong threat.} (46... Rh1 $2 47. Rxa2 Re1+ 48. Kd6 $19) 47. Ke6 {[#] intending f6.} Rxd7 $1 {[%mdl 512]} 48. Rxa2 {KRN-KR} (48. Rxd7 a1=Q) 48... Rh7 ({Inferior is} 48... Nxa2 49. Kxd7 Nc3 50. f6 $11) 49. Rb2+ (49. Ra8 {was worth a try.} Ne4 50. Re8) 49... Kc4 50. Rb6 Kxd4 51. Rxc6 Ne4 52. c3+ (52. f6 $142 Nxf6 53. c3+ Ke4 54. Ra6) 52... Nxc3 53. f6 Ne4 54. Rc1 Nc5+ 55. Kf5 Rh5+ 56. Kg6 Rh2 57. f7 Rf2 58. Re1 Nd7 59. Kg7 Kc5 60. Re6 d4 {[%cal Bd5d4,Bd4d3][%mdl 32] Black mates.} 61. Ra6 d3 62. Ra7 Kc6 63. Ra6+ Kd5 64. Ra5+ Ke6 65. Ra3 Rxf7+ 66. Kg6 Ne5+ 67. Kg5 Kd5 {Precision: White = 35%, Black = 68%.} 0-1

[Event "68th RUS-ch Women Superfinal 2018"]
[Site "Satka"]
[Date "2018.09.01"]
[Round "7"]
[White "Goryachkina, Aleksandra"]
[Black "Girya, Olga"]
[Result "1/2-1/2"]
[WhiteElo "2535"]
[BlackElo "2462"]
[Annotator "TA"]
[PlyCount "111"]
[EventDate "2018.08.25"]
[EventType "tourn"]
[EventCountry "RUS"]
[SourceTitle "playchess.com"]
[Source "ChessBase"]
[SourceQuality "1"]

{[%evp 14,111,11,4,4,0,0,0,13,17,8,16,48,36,52,36,69,20,50,49,62,37,41,18,48,51,54,52,66,31,38,36,33,36,31,22,37,41,56,43,50,32,36,23,29,0,0,-17,-18,-24,-25,-40,-26,-26,0,-2,0,-14,-14,-41,-43,-67,-59,-45,-31,-34,-17,-18,-22,-75,0,0,0,0,0,0,0,-7,0,0,0,0,0,0,0,0,0,-4,-10,-4,-4,-4,-4,-16,-16,-30,-36,-41,-4,-4]} 1. e4 c6 2. d4 d5 3. exd5 cxd5 4. Bd3 Nc6 5. c3 Nf6 6. h3 g6 7. Nf3 {B13: Caro-Kann (Abtausch-Variante 4.c4)} Bf5 8. Be2 {LiveBook: 4 Partien} Qc7 9. O-O Bg7 10. Be3 (10. Re1 O-O 11. Nbd2 Rfe8 12. Nf1 Rad8 13. Ng3 Ne4 14. Nxf5 gxf5 {1-0 (59) So,W (2780)-Mamedyarov,S (2801) Saint Louis 2018}) 10... O-O 11. Nbd2 $146 ({Vorgänger:} 11. Re1 Rab8 12. Qc1 Rbc8 13. Na3 a6 14. Nc2 b5 {½-½ (31) Lahav,M (2213)-Cvitan,E (2165) Heraklio 2017}) 11... a6 12. Re1 b5 13. Nb3 Ne4 14. Nfd2 {[%cal Bf3d2,Bd2b3,Bb3c5][%mdl 32]} Rfd8 15. Bf1 Na5 16. Nxa5 Qxa5 17. Nb3 Qb6 18. f3 Nd6 19. Bf2 Nc4 20. Qc1 Ra7 21. a3 a5 22. Nc5 a4 23. g4 Bc8 24. Bg2 Qd6 25. Nd3 Rc7 26. Re2 f6 27. Qe1 e5 28. Rd1 Bb7 29. h4 (29. g5 $5) 29... Re8 30. Bg3 Rce7 31. Qf2 Qd8 $36 {[%mdl 2048] Schwarz steht aktiver.} 32. Nc5 Bc6 33. Rde1 Qc8 34. Kh2 Bf8 35. Bh3 exd4 36. cxd4 Rxe2 37. Rxe2 Rxe2 38. Qxe2 Qe8 39. Qf2 $1 Qe3 40. Qxe3 Nxe3 41. Be1 (41. Nd3 $11) 41... Kf7 ({Besser ist} 41... Bd6+ $17 42. Kg1 Bxc5 43. dxc5 d4) 42. Nd3 $1 $11 Bd6+ 43. Kg1 Nc4 44. Kf2 Bd7 45. Bf1 h5 46. Be2 Bf8 47. Bc3 Bh6 48. Nc5 Bc8 49. gxh5 gxh5 50. Bxc4 dxc4 {[%mdl 4096] Endspiel KLL-KLS} 51. Ne4 {[#] Und Sd6+ würde nun gewinnen.} Bf4 52. Bd2 Bc7 53. Nc3 Bd7 54. Nd5 Bd6 55. Bb4 Bc6 56. Bxd6 {Precision: Weiß = 54%, Schwarz = 51%.} 1/2-1/2

[Event "68th RUS-ch Women Superfinal 2018"]
[Site "Satka"]
[Date "2018.09.01"]
[Round "7"]
[White "Gunina, Valentina"]
[Black "Shuvalova, Polina"]
[Result "1-0"]
[WhiteElo "2528"]
[BlackElo "2413"]
[Annotator "TA"]
[PlyCount "157"]
[EventDate "2018.08.25"]
[EventType "tourn"]
[EventCountry "RUS"]
[SourceTitle "playchess.com"]
[Source "ChessBase"]
[SourceQuality "1"]

{[%evp 17,157,8,15,2,10,0,0,0,0,0,6,-14,-6,-12,8,8,11,5,1,6,9,6,10,6,39,25,81,84,87,111,114,104,114,114,121,113,109,108,108,105,105,108,108,109,108,108,109,108,107,111,136,129,140,112,115,113,122,105,131,143,139,137,176,141,141,134,132,135,179,179,174,120,124,79,79,68,83,106,175,88,91,81,85,76,72,47,77,0,97,29,81,23,29,13,21,13,18,0,0,0,8,8,14,8,8,8,14,14,47,8,24,10,43,42,41,0,158,143,121,28,84,84,90,91,117,79,78,78,78,78,82,77,204,184,6127,6108,6087,6039,5691,5616,5575,5373]} 1. d4 Nf6 2. c4 e6 3. Nf3 d5 4. g3 Bb4+ 5. Bd2 Be7 6. Bg2 c6 7. O-O {E11: Bogo-Indian} Nbd7 8. Qc2 b6 9. cxd5 cxd5 {LiveBook: 12 Games} 10. a3 O-O 11. Bb4 $146 ({Predecessor:} 11. Rc1 Bb7 12. Qd1 Rc8 13. Rxc8 Qxc8 14. Bb4 Qd8 15. e3 Ne4 16. Nbd2 Nxd2 17. Qxd2 {½-½ (28) Lysyj,I (2618)-Sargissian,G (2677) Moscow 2018}) 11... a5 12. Bxe7 Qxe7 13. Nc3 Ba6 14. Qa4 Rfc8 15. Nd2 Rc7 16. Rfe1 Rac8 17. Rad1 h6 18. e4 dxe4 19. Ndxe4 Nxe4 20. Bxe4 {And now Nd5! would win.} Qg5 21. Bg2 Bc4 (21... Qg4 $11) 22. d5 $16 exd5 23. Nxd5 Bxd5 24. Rxd5 Nc5 25. Re8+ Kh7 26. Rxc8 (26. Rxg5 $6 Nxa4 27. Rxc8 Rxc8 $11) 26... Rxc8 27. Qc2+ ({Much worse is} 27. Rxg5 $6 Nxa4 28. Rb5 (28. Be4+ g6 $11) 28... Rc1+ 29. Bf1 Rc6 $11) 27... Qg6 28. Qxg6+ fxg6 {[%mdl 4096] Endgame KRB-KRN} 29. Rd6 Rb8 30. b4 axb4 31. axb4 {[%cal Ba3b4,Bb4b5][%mdl 32]} Na6 {[#]} 32. b5 $1 {[%cal Rb5a6]} Nc7 33. Bc6 g5 34. Kg2 g4 35. Rd4 h5 36. Be4+ Kg8 37. Bg6 h4 38. Bd3 hxg3 39. hxg3 Re8 40. Rd6 Rb8 41. Bc4+ Kh7 42. Rd4 Re8 43. Rxg4 Re5 44. Bd3+ Kg8 45. Rb4 Kf8 46. Rf4+ Ke8 47. Kf3 Ne6 {[#]} (47... Ke7 $16 48. Re4 Kd6) 48. Ra4 (48. Re4 $1 $18 {[%cal Re4e5]} Rxe4 49. Kxe4 (49. Bxe4 Ke7 $16)) 48... Kd7 49. Ra7+ Kd6 50. Rb7 Kc5 51. Kg4 Rg5+ $1 52. Kf3 (52. Kh4 $16) 52... Rd5 (52... Re5 $1 $11 {keeps the balance.}) 53. Bf1 (53. Ke3 $16) 53... Re5 (53... Rf5+ $11 54. Kg2 g5) 54. Kg2 (54. Kg4 $16) 54... g5 $1 $11 55. Rb8 Nd4 56. Rc8+ Kd6 57. Bd3 Nxb5 58. Kh3 Nc7 59. Kg4 Nd5 60. Kh5 Nf6+ 61. Kg6 Ng4 62. Rf8 Ke7 63. Kg7 b5 {[%cal Bb6b5,Bb5b4][%mdl 32]} 64. Bg6 b4 65. Bh5 Nh2 66. Bg6 g4 $2 ({Black should try} 66... Ng4 $11) 67. Rb8 $16 b3 68. Bd3 (68. Rxb3 $16 {Strongly threatening Rb4.} Re2 69. Rb7+ Kd6 70. Rf7) 68... Ra5 (68... Rg5+ $11 {remains equal.} 69. Bg6 Ra5) 69. Rxb3 Ra2 70. Rb7+ Kd6 71. Rb6+ Ke5 72. Rf6 Nf3 73. Bf5 Nh2 74. Be6 Ra6 (74... Ra3 $16) 75. Rf5+ $18 Kxe6 $2 (75... Kd6 76. Rf4 Ra7+ 77. Kf6 Ra8 78. Rd4+ Kc5 79. Rc4+ Kd6) 76. Rf6+ {White is clearly winning.} Ke5 77. Rxa6 Ke4 78. Rh6 Nf1 79. Rf6 {Precision: White = 48%, Black = 49%.} 1-0

[Event "68th RUS-ch Women Superfinal 2018"]
[Site "Satka"]
[Date "2018.09.01"]
[Round "7"]
[White "Pogonina, Natalija"]
[Black "Bodnaruk, Anastasia"]
[Result "1/2-1/2"]
[WhiteElo "2469"]
[BlackElo "2449"]
[Annotator "TA"]
[PlyCount "83"]
[EventDate "2018.08.25"]
[EventType "tourn"]
[EventCountry "RUS"]
[SourceTitle "playchess.com"]
[Source "ChessBase"]
[SourceQuality "1"]

{[%evp 14,83,10,0,6,15,12,11,42,12,22,12,12,21,20,20,19,20,29,-20,-11,-31,0,0,0,-18,0,-16,-8,-20,0,-22,120,133,153,172,181,177,172,176,190,191,185,116,103,70,159,-11,-14,-13,-10,-57,-48,-106,-95,-78,320,300,327,-824,339,0,0,0,0,37,37,0,0,0,0,0]} 1. d4 Nf6 2. Nf3 g6 3. b3 Bg7 4. Bb2 O-O 5. e3 c5 6. dxc5 {A48: 1 d4 Nf6 2 Nf3 g6: Torre, London and Colle Systems} Qc7 (6... Qa5+ 7. c3 Qxc5 8. Ba3 Qb6 9. Bxe7 Re8 10. Bxf6 Bxf6 11. Be2 Nc6 12. O-O a5 13. Nd4 d5 {1-0 (38) Nakamura,H (2769)-Mamedyarov,S (2808) Leuven 2018}) 7. Nbd2 Qxc5 8. c4 {LiveBook: 7 Games} d6 9. Be2 Qc7 10. O-O Nc6 11. Rc1 $146 ({Predecessor:} 11. Nd4 a6 12. Rc1 Bd7 13. f3 Rfc8 {0-1 (46) Martinovsky,E (2365)-Hummel,P (2240) Hawaii 1998}) 11... Rd8 12. a3 e5 13. b4 Qe7 14. Qc2 b6 15. Rfd1 Bb7 16. e4 Rac8 17. Qb1 Nh5 18. g3 Bh6 19. Re1 Ng7 20. Bd3 Rf8 21. Rcd1 Rcd8 22. Nh4 f5 (22... Ne6 $11 {keeps the balance.}) 23. exf5 $16 gxf5 24. Bxf5 ({Inferior is} 24. Nxf5 Nxf5 25. Bxf5 Qf7 $15) 24... Nxf5 25. Nxf5 Qf6 26. Nxh6+ Qxh6 27. Ne4 Ne7 28. Qc1 (28. c5 $18 dxc5 29. Rxd8 (29. Bxe5 Bd5 $18) (29. bxc5 Rxd1 30. Rxd1 Bd5 $18) 29... Rxd8 30. bxc5) 28... Qg6 29. Qe3 h6 (29... Nf5 $14 30. Qg5 Qxg5 31. Nxg5 Rc8) 30. Nxd6 $2 (30. c5 $1 $16 dxc5 31. Rxd8 Rxd8 32. bxc5 (32. Bxe5 Qxe4 33. Qxe4 Bxe4 $16)) 30... Rxd6 $11 31. Qxe5 Nf5 32. c5 bxc5 {And now ...Rxd1 would win.} 33. bxc5 (33. Qh8+ $15 Kf7 34. Qe5) 33... Rxd1 $17 34. Rxd1 Qc6 $2 {[%mdl 8192] [#]} (34... Re8 $17 {keeps the pressure on.} 35. Qc3 Bc6) 35. f3 $1 $18 {[%mdl 512] Rd6! is the strong threat.} Kh7 (35... Qxf3 36. Qh8+) 36. Rd6 $4 {[%mdl 8192]} (36. g4 $18) 36... Qb5 $4 {[%mdl 8192] [#]} (36... Qxf3 $19 {[%csl Gb7][%cal Rf3g2] and life is good for Black.} 37. Rd7+ Kg6) 37. Rd8 $2 (37. g4 $1 $18 {[%cal Rg4f5][%mdl 512]} Qe8 38. gxf5 Qxe5 39. Bxe5) 37... Rxd8 38. Qxf5+ Kg8 39. Qg6+ Kf8 40. Qf6+ {[%mdl 1024] White has compensation.} Ke8 41. Qe6+ Kf8 {( -> ...Rd1+)} 42. Qf6+ {Precision: White = 34%, Black = 38%.} 1/2-1/2